000 00345 a2200169 4500
001 175220
020 _a85-322-3776-2
040 _cMagnum
100 _aPietrocola, MaurĂ­cio
240 1 0 _aCalor e temperatura
_lpor
245 1 0 _aCalor e temperatura
300 _a63
362 0 _a1997
440 1 _aFTD
697 _aCALOR
942 _cBK
999 _c175220
_d175220